| 000 | 01465nam a2200409 i 4500 | ||
|---|---|---|---|
| 001 | DIGICB0484 | ||
| 003 | NyNyDIG | ||
| 007 | cr ||||||||||| | ||
| 008 | 230501s2019 sp a ob 000 0 spa d | ||
| 006 | m o d | ||
| 035 | _a(OCoLC)1158423775 | ||
| 040 |
_aDGITA _beng _erda _epn _cDGITA |
||
| 020 |
_a9788490217474 _qpdf |
||
| 020 | _z9788490216668 | ||
| 050 | 1 | 4 | _aTX355 ebook |
| 100 | 1 |
_aRodríguez González, Ángela, _eauthor. |
|
| 245 | 1 | 0 |
_aCoaching nutricional / _cÁngela Rodríguez González. |
| 250 | _a1a edición. | ||
| 264 | 1 |
_aMálaga, España : _bICB Editores, _c[2019] |
|
| 300 |
_a1 online resource : _billustrations. |
||
| 336 |
_atext _btxt _2rdacontent |
||
| 337 |
_acomputer _bc _2rdamedia |
||
| 338 |
_aonline resource _bcr _2rdacarrier |
||
| 347 |
_atext file _2rdaft |
||
| 347 | _bPDF | ||
| 504 | _aIncludes bibliographical references. | ||
| 588 | 0 | _aOnline resource; title from PDF title page (Digitalia, viewed May 1, 2023) | |
| 650 | 0 | _aNutrition. | |
| 650 | 0 | _aFood habits. | |
| 650 | 0 | _aPersonal coaching. | |
| 791 | 2 |
_aDigitalia (Firm), _edistributor. |
|
| 793 | 0 |
_gDigitalia eBook Collection: _aICB Editores |
|
| 776 | 0 | 8 |
_iPrint version: _aRodríguez González, Ángela. _tCoaching nutricional. _b1a edición. _dMálaga, España : ICB Editores, [2019] _z9788490216668 |
| 856 | 4 | 0 |
_3Digitalia Hispánica _uhttps://www.digitaliapublishing.com/a/124710/ |
| 910 | _aPremium collection: 2023 | ||
| 942 | _cRAA | ||
| 999 |
_c276760 _d276760 |
||